Online social networking / (Record no. 288239)
[ view plain ]
| 000 -LEADER | |
|---|---|
| fixed length control field | 00553nam a2200157Ia 4500 |
| 008 - FIXED-LENGTH DATA ELEMENTS--GENERAL INFORMATION | |
| fixed length control field | 150610s9999 xx 000 0 und d |
| 020 ## - INTERNATIONAL STANDARD BOOK NUMBER | |
| International Standard Book Number | 9781420501209 (hardcover) |
| 050 ## - LIBRARY OF CONGRESS CALL NUMBER | |
| Classification number | HM742 |
| Item number | .M66 2009 |
| 100 ## - MAIN ENTRY--PERSONAL NAME | |
| Personal name | Mooney, Carla, 1970- |
| 245 ## - TITLE STATEMENT | |
| Title | Online social networking / |
| Statement of responsibility, etc | by Carla Mooney. |
| 260 ## - PUBLICATION, DISTRIBUTION, ETC. (IMPRINT) | |
| Place of publication, distribution, etc | Detroit : |
| Name of publisher, distributor, etc | Lucent Books, |
| Date of publication, distribution, etc | 2009. |
| 300 ## - PHYSICAL DESCRIPTION | |
| Extent | 120pages : |
| Other physical details | col. illustrations ; |
| Dimensions | 24 cm. |
| 504 ## - BIBLIOGRAPHY, ETC. NOTE | |
| Bibliography, etc | Includes bibliographical references and index. |
| 520 ## - SUMMARY, ETC. | |
| Summary, etc | Juvenile literature. |
| 650 ## - SUBJECT ADDED ENTRY--TOPICAL TERM | |
| Topical term or geographic name as entry element | Internet and teenagers |
| General subdivision | Juvenile literature. |
| Withdrawn status | Lost status | Damaged status | Home library | Current library | Shelving location | Date acquired | Total Checkouts | Full call number | Barcode | Date last seen | Price effective from | Koha item type |
|---|---|---|---|---|---|---|---|---|---|---|---|---|
| Stonyhurst Southville International School (Batangas) | Stonyhurst Southville International School (Batangas) | High School Section | 06/10/2015 | HM742.M66 2009 | US-1444 | 06/10/2015 | 06/10/2015 | Books |